Iskolakultúra. - 24. évf. (2014) 10. sz.
Elmentve itt :
| Dokumentumtípus: | Folyóirat |
|---|---|
| Megjelent: |
2014
|
| Sorozat: | Iskolakultúra
24 No. 10 |
| Online Access: | http://misc.bibl.u-szeged.hu/45441 |
| LEADER | 00479nas a2200145 i 4500 | ||
|---|---|---|---|
| 001 | misc45441 | ||
| 005 | 20191106140451.0 | ||
| 008 | 180828s2014 hu o 0|| zxx d | ||
| 022 | |a 1215-5233 | ||
| 040 | |a SZTE Miscellanea Repozitórium |b hun | ||
| 041 | |a zxx | ||
| 245 | 0 | 0 | |a Iskolakultúra. - 24. évf. (2014) 10. sz. |h [elektronikus dokumentum] |
| 260 | |c 2014 | ||
| 490 | 0 | |a Iskolakultúra |v 24 No. 10 | |
| 856 | 4 | 0 | |u http://misc.bibl.u-szeged.hu/45441/1/iskolakultura_2014_010.pdf |z Dokumentum-elérés |